Characters by Their First Names - Statistics

General Stats
  • This quiz has been taken 41 times
  • The average score is 17 of 26
Answer Stats
Hint Answer % Correct
Sherlock Holmes
97%
Norman Bates
94%
James Bond
94%
Bilbo Baggins
91%
Fred Flintstone
91%
Lex Luthor
91%
Marty McFly
91%
Austin Powers
91%
Happy Gilmore
81%
Vito Corleone
78%
Napoleon Dynamite
75%
Ron Burgundy
72%
Bruce Wayne
72%
Tyler Durden
63%
Ethan Hunt
56%
Derek Zoolander
56%
Keyser Söze
53%
Vincent Vega
53%
Boris Grishenko
50%
Edward Nygma
44%
Irene Adler
41%
Auric Goldfinger
41%
Riff Randell
38%
Alec Trevelyan
38%
Ted Logan
34%
William Somerset
28%
No matching quizzes found
Score Distribution
Percent of People with Each Score
Percentile by Number Answered
Your Score History
You have not taken this quiz